000 01319nam a22003257a 4500
999 _c12747
_d12747
003 MIRAKIL
005 20211214000607.0
008 190218b tu ||||| |||| 00| 0 tur d
040 _aTR-AnCHP
_cTR-AnCHP
041 _atur
082 _aCHP 324.23072
_bC36h 2019
090 _aBROŞÜR 528
110 _aCumhuriyet Halk Partisi (CHP)
245 1 0 _aHiçbir devlet 20 milyar $'lık tank palet fabrikasını yabancılara peşkeş çekmez/
_cCumhuriyet Halk Partisi (CHP)
246 _aTank palet fabrikasının özelleştirilmesi
260 _aAnkara:
_bCumhuriyet Halk Partisi (CHP),
_c2019.
300 _aktl. 2 s.:
_c21 sm.
610 0 _95196
_aCumhuriyet Halk Partisi (CHP)
_xPropaganda ve ideolojiler
610 0 _95196
_aCumhuriyet Halk Partisi (CHP)
_xAKP iktidarı, özelleştirmeler
_xEleştiriler
650 0 _aSiyaset ve yönetim
_xTürkiye
_99
650 0 _9720
_aÖzelleştirme
_xTank palet fabrikası
_zTürkiye
651 0 _95197
_aSakarya, Türkiye
_xÖzelleştirme
_xTank palet fabrikası
710 _95196
_aCumhuriyet Halk Partisi (CHP)
740 _aTank palet fabrikasının özelleştirilmesi
942 _2ddc
_cBKS
999 _d12747
999 _d12746
999 _d12746